<?xml version="1.0" encoding="UTF-8"?><?xml-stylesheet type="text/xsl" href="static/style.xsl"?><OAI-PMH xmlns="http://www.openarchives.org/OAI/2.0/" xmlns:xsi="http://www.w3.org/2001/XMLSchema-instance" xsi:schemaLocation="http://www.openarchives.org/OAI/2.0/ http://www.openarchives.org/OAI/2.0/OAI-PMH.xsd"><responseDate>2026-04-17T02:20:30Z</responseDate><request verb="GetRecord" identifier="oai:www.recercat.cat:2445/171930" metadataPrefix="marc">https://recercat.cat/oai/request</request><GetRecord><record><header><identifier>oai:recercat.cat:2445/171930</identifier><datestamp>2025-12-05T10:47:15Z</datestamp><setSpec>com_2072_1057</setSpec><setSpec>col_2072_478775</setSpec><setSpec>col_2072_478917</setSpec></header><metadata><record xmlns="http://www.loc.gov/MARC21/slim" xmlns:dcterms="http://purl.org/dc/terms/" xmlns:xsi="http://www.w3.org/2001/XMLSchema-instance" xmlns:doc="http://www.lyncode.com/xoai" xsi:schemaLocation="http://www.loc.gov/MARC21/slim http://www.loc.gov/standards/marcxml/schema/MARC21slim.xsd">
   <leader>00925njm 22002777a 4500</leader>
   <datafield ind2=" " ind1=" " tag="042">
      <subfield code="a">dc</subfield>
   </datafield>
   <datafield ind2=" " ind1=" " tag="720">
      <subfield code="a">Keefer, Alice</subfield>
      <subfield code="e">author</subfield>
   </datafield>
   <datafield ind2=" " ind1=" " tag="260">
      <subfield code="c">2020-11-10T11:07:34Z</subfield>
   </datafield>
   <datafield ind2=" " ind1=" " tag="260">
      <subfield code="c">2020-11-10T11:07:34Z</subfield>
   </datafield>
   <datafield ind2=" " ind1=" " tag="260">
      <subfield code="c">2007</subfield>
   </datafield>
   <datafield ind2=" " ind1=" " tag="260">
      <subfield code="c">2020-11-10T11:07:34Z</subfield>
   </datafield>
   <datafield ind2=" " ind1=" " tag="520">
      <subfield code="a">[spa] El movimiento de Open Access ofrece dos estrategias para llegar a la información científica sin ningún obstáculo económico, técnico o legal: la publicación de artículos en revistas OA o el depósito de los trabajos por los autores en depósitos estables institucionales o temáticos. El artículo explora la implementación de la segunda "ruta" por parte de los autores pues es la que ofrece mayores posibilidades para alcanzar la OA a corto plazo. Pero requiere que desde los repositorios se haga una gran labor para informar a los autores de las ventajas del autoarchivo y de los procedimientos para depositar sus trabajos e, incluso, ayudarles a hacerlo, mediante la oferta de servicios y la realización de actividades promocionales. [eng] The Open Access movement offers two strategies for making scientific information available without economic, technical or legal obstacles: the publication of articles in OA journals and the deposit by authors of their Works in stable institutional or discipline-based repositories. This article explores the implementation of the second "route" on the part of authors, because it is the strategy that offers the greatest possibility of attaining OA in the short term. However, it does require repositories to exert great effort in informing the authors of the advantages of self-archiving and of the procedures for depositing their work and, even helping them to do so -through services and promotional activities.</subfield>
   </datafield>
   <datafield tag="653" ind2=" " ind1=" ">
      <subfield code="a">Accés obert</subfield>
   </datafield>
   <datafield tag="653" ind2=" " ind1=" ">
      <subfield code="a">Dipòsits institucionals</subfield>
   </datafield>
   <datafield tag="653" ind2=" " ind1=" ">
      <subfield code="a">Universitats</subfield>
   </datafield>
   <datafield tag="653" ind2=" " ind1=" ">
      <subfield code="a">Biblioteques universitàries</subfield>
   </datafield>
   <datafield tag="653" ind2=" " ind1=" ">
      <subfield code="a">Open access publishing</subfield>
   </datafield>
   <datafield tag="653" ind2=" " ind1=" ">
      <subfield code="a">Institutional repositories</subfield>
   </datafield>
   <datafield tag="653" ind2=" " ind1=" ">
      <subfield code="a">Universities</subfield>
   </datafield>
   <datafield tag="653" ind2=" " ind1=" ">
      <subfield code="a">Academic libraries</subfield>
   </datafield>
   <datafield ind2="0" ind1="0" tag="245">
      <subfield code="a">Los repositorios digitales universitarios y los autores</subfield>
   </datafield>
</record></metadata></record></GetRecord></OAI-PMH>